Statistieken voor Tadzjikistan Trivia Quiz

Klik hier om de quiz te nemen!

Algemene statistieken

  • Deze quiz is 190 keer genomen
  • De gemiddelde score is 10 van 15

Antwoordstatistieken

HintAntwoord% Correct
Religie beoefend door 98% van de bevolkingIslam
93%
Land waaruit Tadzjikistan in 1991 onafhankelijk werdSovjet-Unie
92%
Noem een van de twee landen met een hogere gemiddelde hoogte dan TadzjikistanBhutan | Nepal
90%
Van de vier landen die grenzen aan Tadzjikistan is dit de enige die niet eindigt op 'Stan'China
89%
De andere lingua franca van TadzjikistanRussisch
83%
Regio waarin Tadzjikistan ligt{Centraal} Azië
80%
Net als buurland Afghanistan is Tadzjikistan een centrum voor de productie van deze illegale drugHeroïne
79%
Oude handelsroute die door het gebied liepZijderoute
76%
HoofdstadDoesjanbe
75%
Tadzjikistan herbergt de langste _____ buiten de poolgebiedenGletsjer
61%
Officiële taal van TadzjikistanTadzjieks {Perzisch}
43%
Voormalige naam van die stadStalinabad
39%
Valuta van TadzjikistanSomoni
38%
Term voor de strijd tussen Groot-Brittannië en Rusland om de controle over dit gebied in de 19e eeuwThe Great {Game}
35%
Volkslied van TadzjikistanSurudi milli
29%

Scoreverdeling

Percentiel versus Aantal Correcte Antwoorden

Procent van Mensen met Elke Score

Uw Scoregeschiedenis

U heeft deze quiz nog niet genomen